Consell de la formació professional de Terrassa : informe anual 2007 informe anual 2007
Descripción Física:
31 p. : il. ; 30 cm
MARC
| LEADER | 00000nam a2200000Ia 4500 | ||
|---|---|---|---|
| 001 | 24285 | ||
| 008 | 160829s9999 xx 000 0 cat d | ||
| 080 | |a FU-65-6 | ||
| 245 | |a Consell de la formació professional de Terrassa : |b informe anual 2007 | ||
| 260 | |a Terrassa : |b Consell de la Formació Professional de Terrassa, [2007] | ||
| 300 | |a 31 p. : |b il. ; |c 30 cm | ||
| 590 | |a A la part superior de la portada: Ajuntament de Terrassa. Educació | ||
| 650 | 0 | |a Formació professional |z Catalunya |v Revistes |9 46766 | |
| 651 | 0 | |9 55532 |a Terrassa (Catalunya) |v Revistes | |
| 700 | |a Consell de la Formació Professional de Terrassa |9 49564 | ||
| 700 | |a Terrassa. Regidoria d'Educació |9 49565 | ||
| 901 | |a Arxiu | ||
| 942 | |n 1 |2 udc | ||
| 952 | |0 0 |1 0 |4 0 |7 1 |9 55443 |a Arxiu |b Arxiu |d 2023-04-19 |h 2007 |o FU-65-6 |p 24285 |r 2016-12-01 00:00:00 |w 2016-12-01 |y ARXIU | ||
| 999 | |c 59316 |d 59316 | ||